| 000 | 00743 a2200193 4500 | ||
|---|---|---|---|
| 020 | _a1584884762 | ||
| 020 | _a9781584884767 | ||
| 082 | 0 | 4 | _a515.352 |
| 090 |
_c579 _d579 |
||
| 100 | 1 | _aSwift, Randall J. | |
| 245 | 1 | 2 |
_aA course in ordinary differential equations / _cRandall J. Swift, Stephen A. Wirkus. |
| 250 | _a1st ed. | ||
| 260 |
_a[S.l.] : _bChapman and Hall/CRC, _c2007 |
||
| 300 |
_a688 p. ; _c25 cm. |
||
| 700 | _aWirkus, Stephen | ||
| 942 |
_aSNS _cBK _k515.352 SWI |
||
| 999 |
_c29209 _d29209 |
||